The growth potential of the Japanese economy
Na minha lista:
| Autor principal: | |
|---|---|
| Formato: | Livro |
| Idioma: | Undetermined |
| Publicado em: |
Baltimore
Johns Hopkins Press
1971
|
| Assuntos: | |
| Tags: |
Adicionar Tag
Sem tags, seja o primeiro a adicionar uma tag!
|
| Thư viện lưu trữ: | Trung tâm Học liệu Trường Đại học Cần Thơ |
|---|
| LEADER | 00525nam a2200193Ia 4500 | ||
|---|---|---|---|
| 001 | CTU_86393 | ||
| 008 | 210402s9999 xx 000 0 und d | ||
| 082 | |a 330.952 | ||
| 082 | |b K95 | ||
| 100 | |a Kurihara, Kenneth K. | ||
| 245 | 4 | |a The growth potential of the Japanese economy | |
| 245 | 0 | |c Kenneth K. Kurihara | |
| 260 | |a Baltimore | ||
| 260 | |b Johns Hopkins Press | ||
| 260 | |c 1971 | ||
| 650 | |a Economic conditions | ||
| 650 | |z Japan | ||
| 904 | |i Năm | ||
| 980 | |a Trung tâm Học liệu Trường Đại học Cần Thơ | ||